Portsmouth Trivia - Statistics

General Stats
  • This quiz has been taken 37 times
  • The average score is 9 of 15
Answer Stats
Question Answer % Correct
What is Portsmouth’s nickname? Pompey
97%
What is the name of Portsmouth’s stadium? Fratton Park
90%
With which club does Portsmouth contest the South Coast Derby? Southampton
87%
Who is Portsmouth’s record signing, arriving from Liverpool for £11m in 2008? Peter Crouch
73%
Which Portsmouth manager led them to Premier League promotion and FA Cup victory either side of a stint at their South Coast rivals? Harry Redknapp
67%
Who scored the only goal of the game as Portsmouth beat Cardiff City 1-0 to win the 2008 FA Cup Final? Nwankwo Kanu
67%
Who is the current captain of Portsmouth? Marlon Pack
63%
On which island is Portsmouth located, making it the only professional football club in England to not be located on mainland Great Britain? Portsea Island
63%
Who is the current manager of Portsmouth? John Mousinho
60%
What is the name of the Portsmouth superfan, who is renowned for his blue-and-white dreadlocks, handbell and sixty club-related tattoos, as well as for legally changing his name to include "Portsmouth Football Club"? John Westwood
53%
Who is Portsmouth’s record sale, departing for £20m to Real Madrid in 2008? Lassana Diarra
53%
Which Englishman is Portsmouth’s record appearance-maker with 845? Jimmy Dickinson
50%
Which Portsmouth legend holds the English league record for most appearances for a single club by a goalkeeper, having made 683 appearances between 1978 and 2000? Alan Knight
40%
Which Englishman is Portsmouth’s record goalscorer with 208? Peter Harris
10%
Which Portsmouth manager guided them to consecutive First Division titles in 1948/49 and 1949/50? Bob Jackson
7%
No matching quizzes found
Score Distribution
Percent of People with Each Score
Percentile by Number Answered
Your Score History
You have not taken this quiz